书目信息 |
| 题名: |
无线传感器网络理论、技术与实现
|
|
| 作者: | 于宏毅 , 李鸥 , 张效义 编著 | |
| 分册: | ||
| 出版信息: | 北京 国防工业出版社 2008.09 |
|
| 页数: | 335页 | |
| 开本: | 21cm | |
| 丛书名: | ||
| 单 册: | ||
| 中图分类: | TP212 | |
| 科图分类: | ||
| 主题词: | 无线电通信--wu xian dian tong xin--传感器 | |
| 电子资源: | ||
| ISBN: | 978-7-118-05559-7 | |
| 000 | 01091nam0 2200265 450 | |
| 001 | 012009964319 | |
| 005 | 20091015155009.34 | |
| 010 | @a978-7-118-05559-7@b精装@dCNY42.00 | |
| 100 | @a20091015d2008 em y0chiy0120 ea | |
| 101 | 0 | @achi |
| 102 | @aCN@b110000 | |
| 105 | @aa z 000yy | |
| 106 | @ar | |
| 200 | 1 | @a无线传感器网络理论、技术与实现@Awu xian chuan gan qi wang luo li lun、ji shu yu shi xian@d= Wireless sensor networks theory technique and implementation@f于宏毅, 李鸥, 张效义等编著@Fyu hong yi,li ou,zhang xiao yi deng bian zhu@zeng |
| 210 | @a北京@c国防工业出版社@d2008.09 | |
| 215 | @a335页@c图@d21cm | |
| 330 | @a本书主要内容包括:无线传感器网络的技术体系,无线传感器网络的无线通信特点,无线传感器网络覆盖及其相关问题等。 | |
| 510 | 1 | @aWireless sensor networks theory technique and implementation@zeng |
| 606 | 0 | @a无线电通信@Awu xian dian tong xin@x传感器 |
| 690 | @aTP212@v4 | |
| 701 | 0 | @a于宏毅@Ayu hong yi@4编著 |
| 701 | 0 | @a李鸥@Ali ou@4编著 |
| 701 | 0 | @a张效义@Azhang xiao yi@4编著 |
| 801 | 0 | @aCN@bQSSK@c20091015 |
| 905 | @b762907-09@dTP212@eY714@f3 | |
| 无线传感器网络理论、技术与实现= Wireless sensor networks theory technique and implementation/于宏毅, 李鸥, 张效义等编著.-北京:国防工业出版社,2008.09 |
| 335页:图;21cm |
| ISBN 978-7-118-05559-7(精装):CNY42.00 |
| 本书主要内容包括:无线传感器网络的技术体系,无线传感器网络的无线通信特点,无线传感器网络覆盖及其相关问题等。 |
| ● |
| 相关链接 |
|
|
|
正题名:无线传感器网络理论、技术与实现
索取号:TP212/Y714
 
预约/预借
| 序号 | 登录号 | 条形码 | 馆藏地/架位号 | 状态 | 备注 |
| 1 | 762907 | 207629075 | 自科库301/301自科库 40排2列1层/ [索取号:TP212/Y714] | 在馆 | |
| 2 | 762908 | 207629084 | 自科库301/301自科库 40排2列1层/ [索取号:TP212/Y714] | 在馆 | |
| 3 | 762909 | 207629093 | 自科二线404/301自科库 35排4列5层/ [索取号:TP212/Y714] | 在馆 |